000 00552nam a2200217Ia 4500
003 OSt
005 20220928145211.0
006 a|||||r|||| 00| 0
007 ta
008 220927b |||||||| |||| 00| 0 eng d
024 _a79404
037 _cTextual
040 _aSDCL
_cSDCL
_beng
041 _2eng
_aeng
082 _aG116:8, M1.2
100 _aChirikjian Jack G Ed.
245 0 _aGene amplification and analysis- V2
260 _c1981
942 _hG116:8, M1.2
_cTEXL
_2CC
999 _c832493
_d832493